Pays en Countryball #5 - Statistiques

Statistiques générales
  • Ce quiz a été pris 25 fois
  • Le résultat moyen est 13 sur 16
Statistiques - réponses
Par images Réponse % Correct
Angleterre
96%
Arabie Saoudite
96%
Argentine
96%
Djibouti
92%
Pakistan
92%
Turquie
92%
Émirats Arabes Unis
88%
Ouganda
88%
Tanzanie
88%
Afghanistan
83%
Erythrée
83%
Jordanie
83%
Gambie
79%
Rwanda
79%
Belize
67%
Ligue des nations
21%
Aucun quiz correspondant
Distribution des résultats
% des personnes avec chaque résultat
Percentile par nombre de réponses
Votre historique - résultats
Vous n’avez pas pris ce quiz